A vida dos pilotos durante a batalha de Inglaterra (Registo nº 4065)
[ vista simples ]
| 000 -Etiqueta do registo | |
|---|---|
| Cabeçalho | 00764cam a2200253 4500 |
| 005 - Identificador da versão | |
| Campo de controlo | 20240813122052.0 |
| 095 ## - | |
| -- | PTBN00117349 |
| 100 ## - Dados gerais de processamento | |
| Dados gerais de processamento | 19840201d1984 km y0pory5003 ba |
| 102 ## - Pais de publicação ou produção | |
| País de publicação | Portugal |
| 101 1# - Língua de publicação | |
| Língua do texto, banda sonora, etc. | Português |
| 215 ## - Descrição física | |
| Indicação específica da natureza do documento e extensão da espécie | 61 p. |
| Outras indicações físicas | muio il. |
| Dimensões | 29 cm |
| 200 1# - Titulo e menção de responsabilidade | |
| Título próprio | A vida dos pilotos durante a batalha de Inglaterra |
| Primeira menção de responsabilidade | Ann C. Tilbury |
| Outras menções de responsabilidade | il. Michael Turner |
| -- | trad. Raúl de Sousa Machado |
| 225 1# - Colecção | |
| Título próprio da colecção | Vida quotidiana |
| Indicação de volume | 1 |
| 210 ## - Publicação, Distribuição, etc. | |
| Lugar da edição, distribuição, etc. | Lisboa |
| Nome do editor, distribuidor, etc. | Verbo |
| Data da publicação, distribuição, etc. | imp. 1984 |
| 675 ## - Classificação Decimal Universal (CDU) | |
| Notação | 087.5 |
| Edição | BN |
| Língua da edição | por |
| Notação | 355.48 |
| Edição | BN |
| Língua da edição | por |
| 702 #1 - Nome de autor-pessoa física (responsabilidade secundária) | |
| Número de registo de entrada de autoridade | 0000585 |
| Palavra de ordem | Turner |
| Outra parte do nome não tomada para palavra de ordem | Michael |
| Código de função | Ilustrador / Técnico de desenho computorizado |
| Número de registo de entrada de autoridade | 0000586 |
| Palavra de ordem | Machado |
| Outra parte do nome não tomada para palavra de ordem | Raúl de Sousa |
| Datas | 1921- |
| Código de função | Tradutor |
| 700 #1 - Nome de autor-pessoa física (responsabilidade principal) | |
| Número de registo de entrada de autoridade | 0000584 |
| Palavra de ordem | Tilbury |
| Outra parte do nome não tomada para palavra de ordem | Ann C. |
| 942 ## - Elementos de entrada adicionados (Koha) | |
| Tipo de item no Koha | Livro |
| Situação do levantamento | Origin of item (home branch) (coded) | Biblioteca de empréstimo | Código de barras | Cota | Circulation type (not for loan) | Tipo de documento | Nota do exemplar | Damaged status |
|---|---|---|---|---|---|---|---|---|
| Biblioteca Escolar das Vendas | Biblioteca Escolar das Vendas | BEV823 | 9BIO TIL | Livro | Sem mensagem |
